| 000 | 00714 a2200253 4500 | ||
|---|---|---|---|
| 001 | 63121 | ||
| 005 | 20260407155926.0 | ||
| 008 | 260407a1974 arg spa d | ||
| 003 | AR-UNSa-BCEJYS | ||
| 040 |
_aAR-UNSa-BCEJYS _bspa _cAR-UNSa-BCEJYS |
||
| 080 |
_a334.726 _xEmpresas multinacionales |
||
| 245 | 1 | 0 | _aTeoría y práctica de la empresa multinacional |
| 264 | 1 |
_aBuenos Aires : _bEdiciones Periferia _c1974 |
|
| 300 |
_a189 p. _c20 cm. |
||
| 041 | _aspa | ||
| 942 | _cBK | ||
| 590 | _aniveau_biblio:m niveau_hierar:0 | ||
| 100 | 1 | _aSweezy, Paul M. | |
| 700 | 1 | _aMagdoff, Harry | |
| 700 | 1 | _aO`Connor, James | |
| 700 | 1 | _aAdam, Gyorgy | |
| 700 | 1 | _aVaitsos, Constantino | |
| 700 | 1 | _aGirvan, Norman | |
| 999 |
_c8003 _d8003 |
||